| 000 | 005880000a22002170004500 | ||
|---|---|---|---|
| 003 | LK-CoMWRAF | ||
| 005 | 20231010115333.0 | ||
| 008 | 230817t1995 ||||| |||| 00| 0 eng d | ||
| 020 | _a1565101758 | ||
| 040 |
_aLK-CoMWRAF _dLK-CoMWRAF _eLK-CoMWRAF |
||
| 041 | _aeng | ||
| 082 |
_a305.3 _bLEO |
||
| 245 | _aMale/female roles | ||
| 260 |
_aSan Diego: _bGreenhaven, _c1995 |
||
| 300 |
_a312 p. ; 23 cm _bBibliography and Index included |
||
| 490 | _aOpposing viewpoints | ||
| 650 | _aSEXISM | ||
| 650 | _aSex role-United States | ||
| 700 |
_aPetrikin, Jonathan S. _eed. |
||
| 942 | _cBK | ||
| 999 |
_c1692 _d1692 |
||